| 000 | 00468nam a2200181Ia 4500 | ||
|---|---|---|---|
| 008 | 240925s9999 xx 000 0 und d | ||
| 020 | _aNA | ||
| 082 | _a510 SPI | ||
| 100 | _aSpigel , M. R | ||
| 245 | 0 | _aSOS Mathematical Hand book of Formulas and Tables | |
| 250 | _aNA | ||
| 260 |
_aNew York: _bMcGraw-Hill _cNA |
||
| 300 |
_a271p. _bNA _fOriginal |
||
| 500 | _aIncludes Index | ||
| 600 | _aHumanities & Natural Science | ||
| 650 | _aMathematics | ||
| 942 | _cBK | ||
| 999 |
_c2585 _d2585 |
||